[Event "NED-ch U10"]
[Site "Borne"]
[Date "2013.08.09"]
[Round "9"]
[White "Elgersma, Onno"]
[Black "Luiten, Timo"]
[Result "1-0"]
[WhiteElo "716"]
[BlackElo "558"]
[PlyCount "123"]
[EventDate "2013.04.??"]
[EventType "swiss"]
[EventRounds "12"]
[EventCountry "NED"]
[SourceTitle "EXT 2015"]
[Source "ChessBase"]
[SourceDate "2014.11.20"]
[SourceVersion "1"]
[SourceVersionDate "2014.11.20"]
[SourceQuality "1"]

1. e4 e5 2. Bc4 Nf6 3. Nf3 Nxe4 4. Qe2 Nf6 5. Qxe5+ Qe7 6. Nc3 Qxe5+ 7. Nxe5 Bd6 8. Nxf7 Rf8 9. Nxd6+ cxd6 10. 0-0 Nc6 11. Nb5 Kd8 12. Nxd6 Na5 13. d3 Nxc4 14. dxc4 Kc7 15. Nb5+ Kd8 16. Bg5 h6 17. Bxf6+ Rxf6 18. Rfe1 a6 19. Nc3 d6 20. Nd5 Rf5 21. Ne7 Rf4 22. Nxc8 Rxc8 23. b3 d5 24. Red1 Rf5 25. Rac1 Rc5 26. Rd2 Kc7 27. Re1 dxc4 28. Re7+ Kb6 29. Rd6+ Ka5 30. g3 g5 31. Rxb7 cxb3 32. cxb3 h5 33. b4+ Ka4 34. Rxa6+ Ra5 35. bxa5 h4 36. Ra8 h3 37. Rab8 Re5 38. Rb4+ Ka3 39. f4 gxf4 40. gxf4 Rxa5 41. Rb3+ Kxa2 42. Rxh3 Ra6 43. Rf3 Ra7 44. Re8 Rb7 45. Re2+ Rb2 46. Rxb2+ Kxb2 47. h4 Ka1 48. h5 Ka2 49. Rf2+ Ka1 50. h6 Kb1 51. Rf1+ Ka2 52. h7 Ka3 53. h8Q Kb4 54. Qb2+ Kc5 55. Rc1+ Kd5 56. Qd2+ Ke6 57. f5+ Kf6 58. Rc6+ Ke5 59. Qe3+ Kxf5 60. Rc5+ Kg4 61. Rg5+ Kh4 62. Qg3# 1-0

[Event "NED-ch U11"]
[Site "Waalwijk"]
[Date "2012.04.06"]
[Round "2"]
[White "Luiten, Timo"]
[Black "Tang, Charlie1"]
[Result "0-1"]
[WhiteElo "661"]
[BlackElo "1061"]
[PlyCount "46"]
[EventDate "2012.04.06"]
[EventType "swiss"]
[EventRounds "9"]
[EventCountry "NED"]
[SourceTitle "EXT 2013"]
[Source "ChessBase"]
[SourceDate "2012.11.22"]
[SourceVersion "1"]
[SourceVersionDate "2012.11.22"]
[SourceQuality "1"]

1. e4 e5 2. Bc4 Nf6 3. Nf3 Nc6 4. Ng5 d5 5. exd5 Na5 6. Qe2 h6 7. Ne4 Nxe4 8. Qxe4 Nxc4 9. Qxc4 Bd6 10. 0-0 0-0 11. Qd3 f5 12. Qg3 e4 13. d3 Bxg3 14. hxg3 Qf6 15. dxe4 fxe4 16. Nc3 Bf5 17. f3 exf3 18. gxf3 Qd4+ 19. Kh2 Bd7 20. Bf4 Rf5 21. Rad1 Rh5+ 22. Kg2 Bh3+ 23. Kh2 Bxf1# 0-1

[Event "NED-ch U11"]
[Site "Waalwijk"]
[Date "2012.04.06"]
[Round "3"]
[White "Nguyen, Lucas"]
[Black "Luiten, Timo"]
[Result "1-0"]
[WhiteElo "932"]
[BlackElo "661"]
[PlyCount "57"]
[EventDate "2012.04.06"]
[EventType "swiss"]
[EventRounds "9"]
[EventCountry "NED"]
[SourceTitle "EXT 2013"]
[Source "ChessBase"]
[SourceDate "2012.11.22"]
[SourceVersion "1"]
[SourceVersionDate "2012.11.22"]
[SourceQuality "1"]

1. e4 e5 2. Nf3 Bc5 3. Bc4 Nf6 4. Nc3 Ng4 5. 0-0 Bxf2+ 6. Rxf2 Nxf2 7. Kxf2 0-0 8. d3 d6 9. Kg1 c6 10. Ng5 h6 11. Nxf7 Rxf7 12. Bxf7+ Kxf7 13. Qf3+ Kg8 14. Be3 Na6 15. Qg3 Nb4 16. Rc1 b6 17. Bxh6 Qd7 18. a3 Na6 19. Rf1 Bb7 20. Rf3 d5 21. exd5 cxd5 22. Rf5 d4 23. Rg5 Qc6 24. Rxg7+ Kf8 25. Rh7+ Qxh6 26. Rxh6 Kf7 27. Rh7+ Kf8 28. Ne4 Bd5 29. Qg7+ 1-0